गुड़ियों का संसार / (Record no. 60457)

MARC details
000 -LEADER
fixed length control field 00739nam a22001577a 4500
005 - DATE AND TIME OF LATEST TRANSACTION
control field 20120106143732.0
020 ## - INTERNATIONAL STANDARD BOOK NUMBER
International Standard Book Number 8189377035
Terms of availability 200.00
082 ## - DEWEY DECIMAL CLASSIFICATION NUMBER
Classification number 821
100 ## - MAIN ENTRY--PERSONAL NAME
Personal name यादव, उषा
245 ## - TITLE STATEMENT
Title गुड़ियों का संसार /
Statement of responsibility, etc उषा यादव
260 ## - PUBLICATION, DISTRIBUTION, ETC. (IMPRINT)
Place of publication, distribution, etc दिल्ली
Name of publisher, distributor, etc एरगॉन पब्लिशर्स एण्ड डिस्ट्रीब्यूटर्स
Date of publication, distribution, etc 2011
270 ## - ADDRESS
Address Upper Ground Floor, 1376, Kashmiri Gate
City Delhi
Postal code 110006
300 ## - PHYSICAL DESCRIPTION
Extent 76पृ.
Other physical details सचित्र
Dimensions 24 सेमी ( सजिल्द)
942 ## - ADDED ENTRY ELEMENTS (KOHA)
Source of classification or shelving scheme Dewey Decimal Classification
Item type Children Books
Classification part 821
Call number suffix यादव
Holdings
Withdrawn status Lost status Not for loan Home library Current library Date acquired Cost, normal purchase price Full call number Cost, replacement price Koha item type
    Ordered Andrews Gunj Andrews Gunj 06/01/2012 200.00 821 यादव 200.00 Children Books

© Delhi Public Library
Hit Counter
free hit counter